000 00430nam a2200157Ia 4500
005 20241223112918.0
008 231217s9999 xx 000 0 und d
020 _a9788177229981
082 _a001.6424C GUP;1 R
100 _aGupta, Vikas.
245 0 _aComputer concepts and C programming
260 _c2013
_bHimal Impressions
_aNew Delhi
300 _axvi, 622
650 _aComputer,concepts,C,programming
942 _cAA
999 _c199121
_d199121